000
00300nam a22001337a 4500
008
181219b xxu||||| |||| 00| 0 eng d
020
_a
9780470038567
041
_a
eng
080
_a
004
100
_a
37
101
_a
SHK
245
_a
Mail And Internet Suveys
_c
Dillman.D.A
942
_2
udc
_c
BK
999
_c
53528
_d
53528